000 00422nam a2200181Ia 4500
001 10128
005 20260306161809.0
008 260306t2003||||xx |||||||||||||| ||spa||
041 _aESP
082 _a901
_bD92
100 _aD ors, Eugenio
_eAUT
245 0 _aLa civilización en la historia
260 _c2003
300 _a2016 pƔginas :
_c18 cm.
650 _aGEN
654 _aCHU
942 _cLIB
_dJUS
_fJUS
_2ddc
_n
999 _c10128
_d10128